Pays bordant la mer du Nord - Statistiques

Statistiques générales
  • Ce quiz a été pris 55 fois
  • Le résultat moyen est 6 sur 7
Statistiques - réponses
Pays % Correct
Royaume-Uni
98%
Belgique
94%
Pays-Bas
94%
France
92%
Danemark
91%
Allemagne
89%
Norvège
89%
Aucun quiz correspondant
Distribution des résultats
% des personnes avec chaque résultat
Percentile par nombre de réponses
Votre historique - résultats
Vous n’avez pas pris ce quiz